[Event "DEM U16w 2023"]
[Site "Willingen GER"]
[Date "2023.05.30"]
[Round "4"]
[White "Stepanjan, Marianne"]
[Black "Nguyen, Jenny Ha-Linh"]
[Result "1/2-1/2"]
[Termination "normal"]
[Board "6"]
[WhiteElo "1465"]
[BlackElo "1554"]
[WhiteClock "00:05:55"]
[BlackClock "00:06:12"]
[PlyCount "75"]
[WhiteFideId "16246110"]
[BlackFideId "16209729"]
[EventCountry "GER"]
[EventRounds "9"]
[EventType "swiss"]
[EventDate "2023.05.27"]

1. e4 {[%emt 00:00:04]} e6 {[%clk 01:30:55]} {[%emt 00:00:03]} 2. d4 {[%clk
01:31:23]} {[%emt 00:00:07]} d5 {[%clk 01:31:20]} {[%emt 00:00:04]} 3. Nc3
{[%clk 01:31:47]} {[%emt 00:00:05]} Nf6 {[%clk 01:31:42]} {[%emt 00:00:08]} 4.
Bg5 {[%clk 01:32:11]} {[%emt 00:00:06]} Bb4 {[%clk 01:31:46]} {[%emt 00:00:27]}
5. e5 {[%clk 01:31:45]} {[%emt 00:00:58]} h6 {[%clk 01:32:10]} {[%emt
00:00:04]} 6. exf6 {[%clk 01:29:10]} {[%emt 00:03:05]} hxg5 {[%clk 01:32:31]}
{[%emt 00:00:08]} 7. fxg7 {[%clk 01:29:17]} {[%emt 00:00:22]} Rg8 {[%clk
01:32:55]} {[%emt 00:00:07]} 8. Qh5 {[%clk 01:21:18]} {[%emt 00:08:24]} Qf6
{[%clk 01:30:13]} {[%emt 00:03:17]} 9. Nf3 {[%clk 01:06:42]} {[%emt 00:15:06]}
Qxg7 {[%clk 01:27:16]} {[%emt 00:03:27]} 10. h3 {[%clk 00:57:22]} {[%emt
00:09:50]} Nd7 {[%clk 01:22:52]} {[%emt 00:04:54]} 11. Qg4 {[%clk 00:44:30]}
{[%emt 00:13:20]} Ba5 {[%clk 00:49:51]} {[%emt 00:33:32]} 12. h4 {[%clk
00:34:49]} {[%emt 00:10:11]} gxh4 {[%clk 00:36:37]} {[%emt 00:13:44]} 13. Qxg7
{[%clk 00:32:35]} {[%emt 00:02:44]} Rxg7 {[%clk 00:37:02]} {[%emt 00:00:06]}
14. Rxh4 {[%clk 00:32:34]} {[%emt 00:00:31]} Nf6 {[%clk 00:30:35]} {[%emt
00:06:58]} 15. Nd2 {[%clk 00:26:41]} {[%emt 00:06:22]} Bxc3 {[%clk 00:28:23]}
{[%emt 00:02:43]} 16. bxc3 {[%clk 00:27:04]} {[%emt 00:00:07]} Bd7 {[%clk
00:28:20]} {[%emt 00:00:33]} 17. c4 {[%clk 00:21:33]} {[%emt 00:06:01]} dxc4
{[%clk 00:26:01]} {[%emt 00:02:50]} 18. Nxc4 {[%clk 00:21:48]} {[%emt
00:00:15]} Bb5 {[%clk 00:20:46]} {[%emt 00:05:45]} 19. Ne5 {[%clk 00:09:30]}
{[%emt 00:12:39]} Bxf1 {[%clk 00:20:45]} {[%emt 00:00:38]} 20. Kxf1 {[%clk
00:09:57]} {[%emt 00:00:03]} O-O-O {[%clk 00:17:50]} {[%emt 00:03:26]} 21. c4
{[%clk 00:08:07]} {[%emt 00:02:19]} Nd7 {[%clk 00:15:44]} {[%emt 00:02:37]} 22.
Nxd7 {[%clk 00:07:30]} {[%emt 00:01:07]} Kxd7 {[%clk 00:14:04]} {[%emt
00:02:11]} 23. Rb1 {[%clk 00:07:16]} {[%emt 00:00:45]} Kc8 {[%clk 00:13:47]}
{[%emt 00:00:47]} 24. g3 {[%clk 00:07:13]} {[%emt 00:00:33]} c6 {[%clk
00:12:55]} {[%emt 00:01:22]} 25. Ke2 {[%clk 00:07:12]} {[%emt 00:00:31]} Kc7
{[%clk 00:13:05]} {[%emt 00:00:20]} 26. Rbh1 {[%clk 00:06:58]} {[%emt
00:00:43]} Kd7 {[%clk 00:09:08]} {[%emt 00:04:28]} 27. Rh7 {[%clk 00:06:34]}
{[%emt 00:00:45]} Rxh7 {[%clk 00:09:29]} {[%emt 00:00:17]} 28. Rxh7 {[%clk
00:07:00]} {[%emt 00:00:04]} Ke7 {[%clk 00:09:57]} {[%emt 00:00:02]} 29. Ke3
{[%clk 00:06:58]} {[%emt 00:00:27]} Kf6 {[%clk 00:09:29]} {[%emt 00:01:03]} 30.
Rh5 {[%clk 00:06:57]} {[%emt 00:00:23]} Kg6 {[%clk 00:07:54]} {[%emt 00:02:13]}
31. Rh4 {[%clk 00:06:26]} {[%emt 00:01:00]} Kf6 {[%clk 00:06:59]} {[%emt
00:01:26]} 32. Ke4 {[%clk 00:05:59]} {[%emt 00:00:56]} Re8 {[%clk 00:06:19]}
{[%emt 00:01:11]} 33. Rh5 {[%clk 00:06:06]} {[%emt 00:00:22]} a6 {[%clk
00:05:17]} {[%emt 00:01:33]} 34. a4 {[%clk 00:06:24]} {[%emt 00:00:12]} Kg6
{[%clk 00:05:38]} {[%emt 00:00:09]} 35. Rh4 {[%clk 00:06:25]} {[%emt 00:00:21]}
f6 {[%clk 00:05:44]} {[%emt 00:00:32]} 36. Rg4+ {[%clk 00:05:58]} {[%emt
00:00:38]} Kf7 {[%clk 00:05:45]} {[%emt 00:00:48]} 37. Rh4 {[%clk 00:06:22]}
{[%emt 00:00:05]} Kg6 {[%clk 00:06:12]} {[%emt 00:00:05]} 38. Rg4+ {[%clk
00:05:55]} {[%emt 00:00:55]} 1/2-1/2

[Event "DEM U16w 2023"]
[Site "Willingen GER"]
[Date "2023.05.30"]
[Round "4"]
[White "Voigt, Anastasia"]
[Black "von Beckh, Frieda"]
[Result "1-0"]
[Termination "normal"]
[Board "7"]
[WhiteElo "1821"]
[BlackElo "1673"]
[WhiteClock "00:05:01"]
[BlackClock "00:30:30"]
[PlyCount "80"]
[WhiteFideId "16235223"]
[BlackFideId "16233751"]
[EventCountry "GER"]
[EventRounds "9"]
[EventType "swiss"]
[EventDate "2023.05.27"]

1. e4 {[%clk 01:30:59]} c5 {[%clk 01:30:55]} {[%emt 00:00:06]} 2. Nf3 {[%clk
01:31:19]} {[%emt 00:00:09]} Nc6 {[%clk 01:31:17]} {[%emt 00:00:08]} 3. d4
{[%clk 01:31:46]} {[%emt 00:00:04]} cxd4 {[%clk 01:31:35]} {[%emt 00:00:12]} 4.
Nxd4 {[%clk 01:32:09]} {[%emt 00:00:07]} g6 {[%clk 01:31:59]} {[%emt 00:00:06]}
5. c4 {[%clk 01:32:34]} {[%emt 00:00:04]} Bg7 {[%clk 01:32:24]} {[%emt
00:00:05]} 6. Be3 {[%clk 01:33:00]} {[%emt 00:00:04]} Nf6 {[%clk 01:32:51]}
{[%emt 00:00:04]} 7. Nc3 {[%clk 01:33:23]} {[%emt 00:00:06]} O-O {[%clk
01:33:17]} {[%emt 00:00:05]} 8. Be2 {[%clk 01:33:48]} {[%emt 00:00:04]} d6
{[%clk 01:33:42]} {[%emt 00:00:06]} 9. O-O {[%clk 01:34:11]} {[%emt 00:00:07]}
Bd7 {[%clk 01:34:08]} {[%emt 00:00:04]} 10. Qd2 {[%clk 01:34:25]} {[%emt
00:00:16]} Rc8 {[%clk 01:29:54]} {[%emt 00:04:44]} 11. f3 {[%clk 01:34:33]}
{[%emt 00:00:22]} Nxd4 {[%clk 01:24:05]} {[%emt 00:06:20]} 12. Bxd4 {[%clk
01:34:54]} {[%emt 00:00:08]} Bc6 {[%clk 01:23:38]} {[%emt 00:00:58]} 13. Rab1
{[%clk 01:33:12]} {[%emt 00:02:11]} a5 {[%clk 01:18:08]} {[%emt 00:06:00]} 14.
b3 {[%clk 01:33:33]} {[%emt 00:00:10]} Nd7 {[%clk 01:16:20]} {[%emt 00:02:17]}
15. Be3 {[%clk 01:33:54]} {[%emt 00:00:08]} Nc5 {[%emt 00:04:17]} 16. a3 {[%emt
00:00:35]} b6 {[%clk 01:05:03]} {[%emt 00:06:57]} 17. Bd1 {[%clk 01:25:56]}
{[%emt 00:08:27]} Qc7 {[%clk 01:00:54]} {[%emt 00:04:40]} 18. Bc2 {[%clk
01:21:46]} {[%emt 00:04:39]} Nd7 {[%clk 00:55:23]} {[%emt 00:06:02]} 19. Rbc1
{[%clk 01:15:02]} {[%emt 00:07:12]} Rb8 {[%clk 00:47:58]} {[%emt 00:07:56]} 20.
a4 {[%clk 01:02:25]} {[%emt 00:13:08]} Nc5 {[%clk 00:45:28]} {[%emt 00:03:00]}
21. Nd5 {[%clk 01:02:05]} {[%emt 00:00:48]} Qd8 {[%clk 00:43:08]} {[%emt
00:02:51]} 22. Rcd1 {[%clk 01:00:24]} {[%emt 00:02:10]} Na6 {[%clk 00:41:30]}
{[%emt 00:02:08]} 23. Bg5 {[%clk 00:51:32]} {[%emt 00:09:20]} Bxd5 {[%clk
00:38:29]} {[%emt 00:03:34]} 24. exd5 {[%clk 00:51:51]} {[%emt 00:00:12]} Qd7
{[%clk 00:32:30]} {[%emt 00:06:28]} 25. Be3 {[%clk 00:49:00]} {[%emt 00:03:19]}
Nb4 {[%clk 00:31:01]} {[%emt 00:02:02]} 26. Bb1 {[%clk 00:49:02]} {[%emt
00:00:27]} Na6 {[%clk 00:30:36]} {[%emt 00:00:56]} 27. f4 {[%clk 00:47:12]}
{[%emt 00:02:16]} Nc5 {[%clk 00:30:28]} {[%emt 00:00:42]} 28. Bc2 {[%clk
00:47:32]} {[%emt 00:00:08]} f5 {[%clk 00:29:18]} {[%emt 00:01:40]} 29. Rfe1
{[%clk 00:35:07]} {[%emt 00:12:54]} Rfe8 {[%clk 00:27:36]} {[%emt 00:02:15]}
30. h3 {[%clk 00:30:49]} {[%emt 00:04:46]} Bf6 {[%clk 00:26:26]} {[%emt
00:01:41]} 31. g3 {[%clk 00:30:34]} {[%emt 00:00:42]} Rbd8 {[%clk 00:22:21]}
{[%emt 00:04:37]} 32. Qg2 {[%clk 00:26:24]} {[%emt 00:04:37]} Rc8 {[%clk
00:14:28]} {[%emt 00:08:26]} 33. g4 {[%clk 00:21:37]} {[%emt 00:05:14]} fxg4
{[%clk 00:13:05]} {[%emt 00:01:56]} 34. hxg4 {[%clk 00:22:00]} {[%emt
00:00:07]} Rf8 {[%clk 00:08:24]} {[%emt 00:05:11]} 35. f5 {[%clk 00:18:47]}
{[%emt 00:03:43]} g5 {[%clk 00:07:49]} {[%emt 00:01:04]} 36. Qd2 {[%clk
00:16:08]} {[%emt 00:03:07]} Qe8 {[%clk 00:03:21]} {[%emt 00:05:01]} 37. Bxg5
{[%clk 00:16:02]} {[%emt 00:00:36]} Kh8 {[%clk 00:02:35]} {[%emt 00:01:16]} 38.
Kf1 {[%clk 00:07:25]} {[%emt 00:09:05]} Be5 {[%clk 00:00:32]} {[%emt 00:02:36]}
39. Re2 {[%clk 00:06:16]} {[%emt 00:01:36]} Qf7 {[%clk 00:00:35]} {[%emt
00:00:29]} 40. Bf4 {[%clk 00:05:01]} {[%emt 00:01:43]} Nd7 {[%clk 00:30:30]}
{[%emt 00:00:36]} 1-0

[Event "DEM U16w 2023"]
[Site "Willingen GER"]
[Date "2023.05.30"]
[Round "4"]
[White "Ottlik, Marie"]
[Black "Malmström, Eva"]
[Result "1/2-1/2"]
[Termination "normal"]
[Board "8"]
[WhiteElo "1552"]
[BlackElo "1454"]
[WhiteClock "00:01:10"]
[BlackClock "00:00:40"]
[PlyCount "66"]
[WhiteFideId "16281730"]
[BlackFideId "34607072"]
[EventCountry "GER"]
[EventRounds "9"]
[EventType "swiss"]
[EventDate "2023.05.27"]

1. e4 {[%clk 01:30:57]} {[%emt 00:00:04]} e5 {[%clk 01:30:55]} {[%emt
00:00:05]} 2. Nf3 {[%clk 01:31:22]} {[%emt 00:00:05]} Nc6 {[%clk 01:31:19]}
{[%emt 00:00:06]} 3. Bc4 {[%clk 01:31:43]} {[%emt 00:00:09]} Bc5 {[%clk
01:31:41]} {[%emt 00:00:08]} 4. c3 {[%clk 01:32:02]} {[%emt 00:00:11]} Nf6
{[%clk 01:31:58]} {[%emt 00:00:13]} 5. d3 {[%clk 01:32:26]} {[%emt 00:00:05]}
d6 {[%clk 01:29:27]} {[%emt 00:03:01]} 6. a4 {[%clk 01:32:25]} {[%emt
00:00:32]} a5 {[%clk 01:28:20]} {[%emt 00:01:37]} 7. O-O {[%clk 01:30:38]}
{[%emt 00:02:15]} h6 {[%clk 01:27:59]} {[%emt 00:00:51]} 8. Nbd2 {[%clk
01:29:00]} {[%emt 00:02:08]} O-O {[%clk 01:25:48]} {[%emt 00:02:40]} 9. Re1
{[%clk 01:27:11]} {[%emt 00:02:19]} Re8 {[%clk 01:23:38]} {[%emt 00:02:41]} 10.
Nf1 {[%clk 01:26:02]} {[%emt 00:01:39]} Be6 {[%clk 01:17:50]} {[%emt 00:06:18]}
11. Bb3 {[%clk 01:21:31]} {[%emt 00:05:01]} Ba7 {[%clk 01:11:32]} {[%emt
00:06:48]} 12. Bc2 {[%clk 01:17:18]} {[%emt 00:04:44]} Ne7 {[%clk 01:09:56]}
{[%emt 00:02:05]} 13. h3 {[%clk 01:15:10]} {[%emt 00:02:38]} c6 {[%clk
01:09:01]} {[%emt 00:01:25]} 14. Ng3 {[%clk 01:06:48]} {[%emt 00:08:51]} Ng6
{[%clk 01:07:50]} {[%emt 00:01:42]} 15. d4 {[%clk 00:59:11]} {[%emt 00:08:07]}
Bb6 {[%clk 01:02:05]} {[%emt 00:06:15]} 16. Bb3 {[%clk 00:31:21]} {[%emt
00:28:19]} Bxb3 {[%clk 00:55:22]} {[%emt 00:07:13]} 17. Qxb3 {[%clk 00:31:44]}
{[%emt 00:00:07]} Rb8 {[%clk 00:52:15]} {[%emt 00:03:37]} 18. Qc2 {[%clk
00:28:05]} {[%emt 00:04:09]} Bc7 {[%clk 00:42:10]} {[%emt 00:10:35]} 19. Nf5
{[%clk 00:20:51]} {[%emt 00:07:44]} d5 {[%clk 00:38:28]} {[%emt 00:04:13]} 20.
exd5 {[%clk 00:16:49]} {[%emt 00:04:31]} Nxd5 {[%clk 00:33:13]} {[%emt
00:05:45]} 21. dxe5 {[%clk 00:14:34]} {[%emt 00:02:44]} Nxe5 {[%clk 00:32:49]}
{[%emt 00:00:54]} 22. Nxe5 {[%clk 00:14:14]} {[%emt 00:00:50]} Bxe5 {[%clk
00:29:19]} {[%emt 00:04:00]} 23. Bd2 {[%clk 00:13:48]} {[%emt 00:00:57]} Qf6
{[%clk 00:22:18]} {[%emt 00:07:29]} 24. Ne3 {[%clk 00:11:32]} {[%emt 00:02:47]}
Nxe3 {[%clk 00:14:14]} {[%emt 00:08:34]} 25. Bxe3 {[%clk 00:11:37]} {[%emt
00:00:25]} Bc7 {[%clk 00:14:20]} {[%emt 00:00:24]} 26. Bd4 {[%clk 00:11:04]}
{[%emt 00:01:04]} Qd6 {[%clk 00:11:10]} {[%emt 00:03:38]} 27. g3 {[%clk
00:09:54]} {[%emt 00:01:40]} Re6 {[%clk 00:09:24]} {[%emt 00:02:18]} 28. Re2
{[%clk 00:07:57]} {[%emt 00:02:26]} Rbe8 {[%clk 00:09:27]} {[%emt 00:00:27]}
29. Rae1 {[%clk 00:08:01]} {[%emt 00:00:26]} Qd5 {[%clk 00:06:18]} {[%emt
00:03:38]} 30. Be3 {[%clk 00:03:44]} {[%emt 00:04:48]} Qf3 {[%clk 00:01:49]}
{[%emt 00:04:58]} 31. Qd2 {[%clk 00:02:01]} {[%emt 00:02:14]} h5 {[%clk
00:01:28]} {[%emt 00:00:51]} 32. h4 {[%clk 00:02:01]} {[%emt 00:00:30]} f6
{[%clk 00:00:56]} {[%emt 00:01:02]} 33. Qd3 {[%clk 00:01:10]} {[%emt 00:01:21]}
Kh8 {[%clk 00:00:40]} {[%emt 00:00:46]} *

[Event "DEM U16w 2023"]
[Site "Willingen GER"]
[Date "2023.05.30"]
[Round "4"]
[White "Neumann, Helena"]
[Black "Bursan, Ana-Maria"]
[Result "1/2-1/2"]
[Termination "normal"]
[Board "9"]
[WhiteElo "1407"]
[BlackElo "1412"]
[WhiteClock "00:01:50"]
[BlackClock "00:00:45"]
[PlyCount "81"]
[WhiteFideId "16275365"]
[BlackFideId "34620150"]
[EventCountry "GER"]
[EventRounds "9"]
[EventType "swiss"]
[EventDate "2023.05.27"]

1. e4 {[%clk 01:30:59]} c5 {[%clk 01:30:51]} {[%emt 00:00:09]} 2. a3 {[%clk
01:30:59]} {[%emt 00:00:31]} g6 {[%clk 01:30:50]} {[%emt 00:00:31]} 3. Nc3
{[%clk 01:31:17]} {[%emt 00:00:12]} Bg7 {[%clk 01:30:00]} {[%emt 00:01:19]} 4.
Bc4 {[%clk 01:31:43]} {[%emt 00:00:05]} Nc6 {[%clk 01:27:18]} {[%emt 00:03:15]}
5. d3 {[%clk 01:31:54]} {[%emt 00:00:16]} Nf6 {[%clk 01:25:49]} {[%emt
00:01:58]} 6. f4 {[%clk 01:31:31]} {[%emt 00:00:52]} d6 {[%clk 01:21:28]}
{[%emt 00:04:52]} 7. Nf3 {[%clk 01:30:46]} {[%emt 00:01:16]} O-O {[%clk
01:14:35]} {[%emt 00:07:23]} 8. h3 {[%clk 01:27:05]} {[%emt 00:04:12]} e6
{[%clk 01:09:42]} {[%emt 00:05:22]} 9. O-O {[%clk 01:22:30]} {[%emt 00:05:06]}
d5 {[%clk 01:07:00]} {[%emt 00:03:11]} 10. Ba2 {[%clk 01:22:01]} {[%emt
00:00:59]} a6 {[%clk 01:00:47]} {[%emt 00:06:43]} 11. e5 {[%clk 01:05:08]}
{[%emt 00:17:23]} Nd7 {[%clk 00:55:31]} {[%emt 00:05:44]} 12. Qe1 {[%clk
00:49:41]} {[%emt 00:15:58]} Re8 {[%clk 00:50:14]} {[%emt 00:05:47]} 13. Qg3
{[%clk 00:40:48]} {[%emt 00:09:21]} b5 {[%clk 00:41:18]} {[%emt 00:09:28]} 14.
Ng5 {[%clk 00:34:39]} {[%emt 00:06:41]} Nd4 {[%clk 00:33:39]} {[%emt 00:08:09]}
15. Qf2 {[%clk 00:22:28]} {[%emt 00:12:40]} Rb8 {[%clk 00:25:23]} {[%emt
00:08:46]} 16. Nxd5 {[%clk 00:20:29]} {[%emt 00:02:29]} exd5 {[%clk 00:21:07]}
{[%emt 00:04:46]} 17. Bxd5 {[%clk 00:20:02]} {[%emt 00:00:57]} Nxe5 {[%clk
00:18:57]} {[%emt 00:02:39]} 18. fxe5 {[%clk 00:19:28]} {[%emt 00:01:04]} Qxd5
{[%clk 00:19:07]} {[%emt 00:00:20]} 19. Qh4 {[%clk 00:19:23]} {[%emt 00:00:36]}
h6 {[%clk 00:15:58]} {[%emt 00:03:38]} 20. Nxf7 {[%clk 00:18:06]} {[%emt
00:01:46]} Nf5 {[%clk 00:15:01]} {[%emt 00:01:27]} 21. Nxh6+ {[%clk 00:16:22]}
{[%emt 00:02:15]} Bxh6 {[%clk 00:13:47]} {[%emt 00:01:44]} 22. Rxf5 {[%clk
00:14:31]} {[%emt 00:02:21]} Bxf5 {[%clk 00:13:34]} {[%emt 00:00:44]} 23. Bxh6
{[%clk 00:13:33]} {[%emt 00:01:26]} Qd4+ {[%clk 00:13:16]} {[%emt 00:00:48]}
24. Qxd4 {[%clk 00:13:23]} {[%emt 00:00:41]} cxd4 {[%clk 00:13:39]} {[%emt
00:00:07]} 25. g4 {[%clk 00:13:09]} {[%emt 00:00:43]} Be6 {[%clk 00:12:39]}
{[%emt 00:01:30]} 26. Bd2 {[%clk 00:10:12]} {[%emt 00:03:27]} Rbd8 {[%clk
00:09:33]} {[%emt 00:03:37]} 27. Re1 {[%clk 00:09:09]} {[%emt 00:01:33]} Kg7
{[%clk 00:09:29]} {[%emt 00:00:35]} 28. Bb4 {[%clk 00:08:09]} {[%emt 00:01:30]}
Rh8 {[%clk 00:09:01]} {[%emt 00:00:58]} 29. Be7 {[%clk 00:08:11]} {[%emt
00:00:29]} Rc8 {[%clk 00:06:51]} {[%emt 00:02:40]} 30. Bf6+ {[%clk 00:08:15]}
{[%emt 00:00:24]} Kh7 {[%clk 00:06:27]} {[%emt 00:00:55]} 31. Bxh8 {[%clk
00:08:31]} {[%emt 00:00:15]} Kxh8 {[%clk 00:06:52]} {[%emt 00:00:04]} 32. Re2
{[%clk 00:08:34]} {[%emt 00:00:27]} Kg7 {[%clk 00:06:05]} {[%emt 00:01:18]} 33.
Kg2 {[%clk 00:06:40]} {[%emt 00:02:23]} g5 {[%clk 00:04:45]} {[%emt 00:01:50]}
34. Kg3 {[%clk 00:02:18]} {[%emt 00:04:52]} Kg6 {[%clk 00:02:26]} {[%emt
00:02:50]} 35. Rf2 {[%clk 00:01:16]} {[%emt 00:01:32]} Kg7 {[%clk 00:01:12]}
{[%emt 00:01:44]} 36. Rf6 {[%clk 00:01:41]} {[%emt 00:00:04]} Bd5 {[%clk
00:01:03]} {[%emt 00:00:41]} 37. Rd6 {[%clk 00:01:50]} {[%emt 00:00:20]} Ba8
{[%clk 00:00:45]} {[%emt 00:00:49]} 38. Rxa6 {[%emt 00:00:41]} Bd5 {[%emt
00:00:03]} 39. Rd6 {[%emt 00:00:02]} Bf7 {[%emt 00:00:02]} 40. Rxd4 {[%emt
00:00:02]} Rxc2 {[%emt 00:00:03]} 41. Rb4 1/2-1/2

[Event "DEM U16w 2023"]
[Site "Willingen GER"]
[Date "2023.05.30"]
[Round "4"]
[White "Kern, Jennifer"]
[Black "Jacobasch, Ronja"]
[Result "0-1"]
[Termination "normal"]
[Board "10"]
[WhiteElo "1333"]
[BlackElo "1595"]
[WhiteClock "00:05:46"]
[BlackClock "00:22:30"]
[PlyCount "72"]
[WhiteFideId "16251350"]
[BlackFideId "34604340"]
[EventCountry "GER"]
[EventRounds "9"]
[EventType "swiss"]
[EventDate "2023.05.27"]

1. d4 {[%clk 01:30:57]} {[%emt 00:00:02]} Nf6 {[%clk 01:30:54]} {[%emt
00:00:07]} 2. c4 {[%clk 01:31:09]} {[%emt 00:00:18]} g6 {[%clk 01:31:04]}
{[%emt 00:00:19]} 3. Nc3 {[%clk 01:31:22]} {[%emt 00:00:17]} Bg7 {[%clk
01:31:22]} {[%emt 00:00:14]} 4. e4 {[%clk 01:31:37]} {[%emt 00:00:13]} d6
{[%clk 01:31:46]} {[%emt 00:00:07]} 5. h3 {[%clk 01:31:53]} {[%emt 00:00:13]}
O-O {[%clk 01:31:15]} {[%emt 00:01:01]} 6. Be3 {[%clk 01:31:56]} {[%emt
00:00:28]} e5 {[%clk 01:29:30]} {[%emt 00:02:14]} 7. d5 {[%clk 01:31:56]}
{[%emt 00:00:31]} c6 {[%clk 01:27:17]} {[%emt 00:02:43]} 8. g4 {[%clk
01:25:37]} {[%emt 00:06:49]} cxd5 {[%clk 01:22:54]} {[%emt 00:04:53]} 9. exd5
{[%clk 01:25:50]} {[%emt 00:00:17]} a6 {[%clk 01:19:46]} {[%emt 00:03:37]} 10.
a4 {[%clk 01:25:50]} {[%emt 00:00:31]} Nbd7 {[%clk 01:15:26]} {[%emt 00:04:50]}
11. g5 {[%clk 01:19:43]} {[%emt 00:06:37]} Nh5 {[%clk 01:12:42]} {[%emt
00:03:13]} 12. Qc2 {[%clk 01:15:48]} {[%emt 00:04:25]} Nc5 {[%clk 01:08:30]}
{[%emt 00:04:43]} 13. O-O-O {[%clk 01:12:49]} {[%emt 00:03:29]} Bf5 {[%clk
01:06:42]} {[%emt 00:02:18]} 14. Bd3 {[%clk 01:05:12]} {[%emt 00:08:06]} Nxd3+
{[%clk 01:05:04]} {[%emt 00:02:08]} 15. Rxd3 {[%clk 01:04:15]} {[%emt
00:01:27]} Bxd3 {[%clk 01:01:37]} {[%emt 00:03:57]} 16. Qxd3 {[%clk 01:04:36]}
{[%emt 00:00:10]} b5 {[%clk 01:00:01]} {[%emt 00:02:06]} 17. b3 {[%clk
00:51:22]} {[%emt 00:13:45]} bxc4 {[%clk 00:55:40]} {[%emt 00:04:50]} 18. bxc4
{[%clk 00:50:21]} {[%emt 00:01:31]} Qa5 {[%clk 00:42:52]} {[%emt 00:13:17]} 19.
Bd2 {[%clk 00:44:39]} {[%emt 00:06:12]} Qb6 {[%clk 00:41:26]} {[%emt 00:01:57]}
20. Ne4 {[%clk 00:40:08]} {[%emt 00:05:00]} Rab8 {[%clk 00:39:35]} {[%emt
00:02:22]} 21. Qc2 {[%clk 00:37:32]} {[%emt 00:03:05]} Rfc8 {[%clk 00:37:44]}
{[%emt 00:02:21]} 22. Nf3 {[%clk 00:34:53]} {[%emt 00:03:09]} Rxc4 {[%clk
00:36:01]} {[%emt 00:02:13]} 23. Bc3 {[%clk 00:33:09]} {[%emt 00:02:14]} Rbc8
{[%clk 00:31:33]} {[%emt 00:04:58]} 24. Nfd2 {[%clk 00:28:46]} {[%emt
00:04:54]} R4c7 {[%clk 00:31:08]} {[%emt 00:00:55]} 25. Nb3 {[%clk 00:27:43]}
{[%emt 00:01:33]} f5 {[%clk 00:27:54]} {[%emt 00:03:44]} 26. a5 {[%clk
00:17:03]} {[%emt 00:11:10]} Qa7 {[%clk 00:25:19]} {[%emt 00:03:06]} 27. Nbd2
{[%clk 00:10:19]} {[%emt 00:07:13]} fxe4 {[%clk 00:25:09]} {[%emt 00:00:40]}
28. Nxe4 {[%clk 00:10:31]} {[%emt 00:00:17]} Rc4 {[%clk 00:23:36]} {[%emt
00:02:04]} 29. Kd2 {[%clk 00:08:54]} {[%emt 00:02:08]} Rxe4 {[%clk 00:21:33]}
{[%emt 00:02:32]} 30. Qxe4 {[%clk 00:07:07]} {[%emt 00:02:17]} Qxf2+ {[%clk
00:21:49]} {[%emt 00:00:15]} 31. Qe2 {[%clk 00:07:25]} {[%emt 00:00:12]} Qxe2+
{[%clk 00:22:03]} {[%emt 00:00:16]} 32. Kxe2 {[%clk 00:07:51]} {[%emt
00:00:05]} Rxc3 {[%clk 00:22:18]} {[%emt 00:00:15]} 33. h4 {[%clk 00:07:36]}
{[%emt 00:00:43]} Ng3+ {[%clk 00:22:40]} {[%emt 00:00:08]} 34. Kd2 {[%clk
00:06:55]} {[%emt 00:01:11]} Nxh1 {[%clk 00:23:04]} {[%emt 00:00:07]} 35. Kxc3
{[%clk 00:07:15]} {[%emt 00:00:10]} e4+ {[%clk 00:23:08]} {[%emt 00:00:25]} 36.
Kd2 {[%clk 00:05:46]} {[%emt 00:01:58]} Bd4 {[%clk 00:22:30]} {[%emt 00:01:09]}
0-1